| 000 | 00931 a2200169 4500 | ||
|---|---|---|---|
| 003 | Nust | ||
| 005 | 20230120182450.0 | ||
| 040 | _cNust | ||
| 082 | _a808.82,GRE | ||
| 100 |
_aMarriot, J W _9107299 |
||
| 245 |
_aGreat Modern British Plays / _cJ.W Marriott |
||
| 260 |
_aLondon _bGeorge .G. |
||
| 300 | _a1078 :p | ||
| 505 | _aMilestones (Page-15), Caste (Page-77), Trelawny of the Wells (Page-129), The Liars (Page-203), Pygmalion and Galatea (Page-267), The Virgin Goddess (Page-309), The Walls of Jericho (Page-363), Hobson’s Choice (Page-421), The Return of the Prodigal (Page-481), The New Morality (Page-533), The Circle (Page-585), A bill of Divorcement (Page-645), At Mrs Beam’s (Page-697), The Man with a Load of Mischief (Page-761), The White Chateau (Page-807), The Like of Her (Page-859), The Young Idea (Page-903), Strife (Page-959), Outward Bound (Page-1015). | ||
| 650 |
_aDrama _9107300 |
||
| 942 |
_2ddc _cBK |
||
| 999 |
_c186823 _d186823 |
||